000 00302nam a2200109Ia 4500
008 180219s9999 xx 000 0 und d
020 _a9780062007520
100 _aWillis, Deborah
245 _aVanishing and other stories /
260 _aNew york City :
_bHarper & Perennial
_c2009
300 _a287 pages
999 _c355982
_d355982